Occupiers reluctant to move (Record no. 70208)

MARC details
000 -LEADER
fixed length control field 01063cam a2200217 4500
001 - CONTROL NUMBER
control field WB3817-05
008 - FIXED-LENGTH DATA ELEMENTS--GENERAL INFORMATION
fixed length control field 020508n2002 000 0 eng u
035 ## - SYSTEM CONTROL NUMBER
System control number (Sirsi) u117885
245 ## - TITLE STATEMENT
Title Occupiers reluctant to move
260 ## - PUBLICATION, DISTRIBUTION, ETC.
Date of publication, distribution, etc. 2002
490 ## - SERIES STATEMENT
Series statement Barings, Houston and Saunders News Release
Volume/sequential designation 1 May 2002, (2)
520 ## - SUMMARY, ETC.
Summary, etc. A recent report from BH&S predicts that occupier demand is likely to remain low with businesses reluctant to move. Retailers had more confidence, with 19% expecting to increase space in 2002: BH&S forecasts that, consequently the retail sector will perform best in 2002. However BH&S warned that major relocations by banks Barclays and Allen & Overy will release City office space in 2003. http://www.baringhoustonsaunders.com/pr1maycpf9.html
590 ## - LOCAL NOTE (RLIN)
Local note WB
650 ## - SUBJECT ADDED ENTRY--TOPICAL TERM
Topical term or geographic name entry element PROPERTY-COMMERCIAL PROPERTY-OFFICE PROPERTY-OFFICE PROPERTY MARKET
650 ## - SUBJECT ADDED ENTRY--TOPICAL TERM
Topical term or geographic name entry element OFFICE SPACE TAKE-UP
650 ## - SUBJECT ADDED ENTRY--TOPICAL TERM
Topical term or geographic name entry element CITY OF LONDON
650 ## - SUBJECT ADDED ENTRY--TOPICAL TERM
Topical term or geographic name entry element CENTRAL LONDON
650 ## - SUBJECT ADDED ENTRY--TOPICAL TERM
Topical term or geographic name entry element CORPORATE PROPERTY
690 ## - LOCAL SUBJECT ADDED ENTRY--TOPICAL TERM (OCLC, RLIN)
Topical term or geographic name as entry element PROPERTY-COMMERCIAL PROPERTY
942 ## - ADDED ENTRY ELEMENTS (KOHA)
Suppress in OPAC 0
Holdings
Withdrawn status Lost status Source of classification or shelving scheme Damaged status Not for loan Home library Current library Shelving location Date acquired Total Checkouts Full call number Barcode Date last seen Copy number Price effective from Koha item type
    Dewey Decimal Classification     London London News article 08/05/2002   WB3817-05 117885-1001 06/08/2019 1 06/08/2019 News article